000 00714nam a2200241Ia 4500
003 OSt
005 20220930071610.0
006 a|||||r|||| 00| 0
007 ta
008 220926b |||||||| |||| 00| 0 hin d
024 _a17665
037 _cTheses
040 _aCRL
_cCRL
_bhin
041 _2hin
_ahin
100 _aSharma Gaje Singh
_9528680
110 _aUniversity of Meerut. Faculty of Arts. Department of Hindi
_9528681
245 0 _aBihari ki kavya bhasha ka shailli vaigyanik adhyan.
260 _c1976
650 _aHINDI LITERATURE
_923866
700 _aUniversity of Meerut. Faculty of Arts. Department of Hindi
_9528682
942 _cDIS
_2CC
999 _c862538
_d862538